00417nam a2200133Ia 4500008004100000082001400041100002300055245004400078260002200122300001000144942001200154999001900166952009800185210430s9999 xx 000 0 und d a004 N822I aNorton Peter95031 aIntroduction To ComputerscNorton Peter aCalifornia,c2004 a628p. cBK2ddc c565554d565554 00104070aSCMEbSCMEcCARTd2012-01-16l0o004 N822IpSCME- D51r2021-04-30w2021-04-30yBK